000 01415cam a22002297a 4500
020 _a9781845696764 (Woodhead Pub.)
020 _a184569676X (Woodhead Pub.)
020 _a9781439824849 (CRC Press)
020 _a1439824843 (CRC Press)
020 _a9789251061800 (FAO)
020 _a9251061807 (FAO)
040 _cBTCTA
082 0 0 _a664 FOO 2010 A037 Or.
245 0 0 _aInnovations in food labelling /
260 _aRome :
_bFood and Agriculture Organization of the United Nations ;
_aCambridge, UK :
_bWoodhead Pub. ;
_aBoca Raton, FL :
_bCRC Press,
_c2010.
300 _ax, 174 p. :
_bill. ;
_c24 cm.
490 1 _aWoodhead Publishing in food science, technology, and nutrition
520 1 _a"Innovations in Food Labelling provides information about the principles and requirements of food labelling and reviews the latest trends in this area. Following an introduction on the evolution of food labelling, further chapters cover the Codex Alimentarius and food labelling, international trade agreements, nutrition labelling, allergies and food labels and environmental and social labels, among other topics. The book is a reference for food regulatory agencies, food law experts and professionals in the food industry responsible for labelling as well as consumer and environmental associations with an interest in labelling."--BOOK JACKET.
650 0 _aFood
700 1 _aAlbert, Janice.
942 _cEK
999 _c11501
_d11501